Macroeconomía / (Registro nro. 8702)
[ vista simple ]
| 000 -LEADER | |
|---|---|
| fixed length control field | 01982nam a2200277Ia 4500 |
| 003 - CONTROL NUMBER IDENTIFIER | |
| control field | OSt |
| 005 - DATE AND TIME OF LATEST TRANSACTION | |
| control field | 20211108171339.0 |
| 008 - FIXED-LENGTH DATA ELEMENTS--GENERAL INFORMATION | |
| fixed length control field | 210310t1981 ck ad fr 000 0 spa d |
| 040 ## - CATALOGING SOURCE | |
| Original cataloging agency | CO-JMCR |
| Transcribing agency | CO-JMCR |
| 041 1# - LANGUAGE CODE | |
| Language code of text/sound track or separate title | spa |
| Language code of original | eng |
| 082 04 - DEWEY DECIMAL CLASSIFICATION NUMBER | |
| Classification number | 339 / |
| Item number | D713m |
| Edition number | 23 |
| 100 1# - MAIN ENTRY--PERSONAL NAME | |
| Personal name | Dornbusch, Rudiger, |
| 9 (RLIN) | 18036 |
| Relator term | autor |
| 245 10 - TITLE STATEMENT | |
| Title | Macroeconomía / |
| Statement of responsibility, etc. | Rudiger Dornbusch, Stanley Fischer ; traducción, Departamento de teoría Económica ; revisión, Rubén Darío Echeverri, Eduardo Fernández |
| 250 ## - EDITION STATEMENT | |
| Edition statement | Primera edición |
| 260 ## - PUBLICATION, DISTRIBUTION, ETC. | |
| Place of publication, distribution, etc. | Bogotá : |
| Name of publisher, distributor, etc. | McGraw-Hill, |
| Date of publication, distribution, etc. | ©1981 |
| 300 ## - PHYSICAL DESCRIPTION | |
| Extent | 692 páginas : |
| Other physical details | ilustraciones y gráficas a blanco y negro ; |
| Dimensions | 24 cm. |
| 500 ## - GENERAL NOTE | |
| General note | Incluye notas a pie de página. |
| 505 0# - FORMATTED CONTENTS NOTE | |
| Formatted contents note | Contabilización del ingreso nacional -- Demanda agregada y equilibrio entre ingreso y producción -- Dinero, interés e ingreso -- Consumo, ingreso, riqueza y retardos -- Gasto en inversión -- La demanda de dinero -- El proceso de la oferta del dinero -- Problemas de la política de estabilización -- Los años de Kennedy y Johnson, la nueva economía y el surgimiento de la inflación -- La oferta agregada -- Ingreso, precios y desempleo -- Inflación, producción y desempleo -- Presupuesto, financiación del gobierno y de la deuda pública -- Política de estabilización: la curva de Phillips y los intercambios (trade offs), entre inflación y desempleo -- Política económica 1969-1976: los problemas de la inflación y el desempleo -- Crecimiento a largo plazo -- La macroeconomía en las economías abiertas: comercio y flujos de capital con tasas de cambio fijas -- Comercio y flujo de capital con tasas de cambio flexibles |
| 650 14 - SUBJECT ADDED ENTRY--TOPICAL TERM | |
| Topical term or geographic name entry element | Macroeconomía |
| 9 (RLIN) | 18038 |
| 650 24 - SUBJECT ADDED ENTRY--TOPICAL TERM | |
| Topical term or geographic name entry element | Modelos económicos |
| 9 (RLIN) | 41439 |
| 700 1# - ADDED ENTRY--PERSONAL NAME | |
| Personal name | Fischer, Stanley, |
| Relator term | autor |
| 9 (RLIN) | 7832 |
| 700 1# - ADDED ENTRY--PERSONAL NAME | |
| Personal name | Echeverri, Rubén Darío, |
| Relator term | revisor |
| 9 (RLIN) | 41440 |
| 700 1# - ADDED ENTRY--PERSONAL NAME | |
| Personal name | Fernández, Eduardo, |
| Relator term | revisor |
| 9 (RLIN) | 41441 |
| 710 2# - ADDED ENTRY--CORPORATE NAME | |
| Corporate name or jurisdiction name as entry element | Departamento de teoría Económica |
| Relator term | traductor |
| 9 (RLIN) | 41442 |
| 942 ## - ADDED ENTRY ELEMENTS (KOHA) | |
| Source of classification or shelving scheme | Dewey Decimal Classification |
| Koha item type | Books |
| Withdrawn status | Lost status | Source of classification or shelving scheme | Damaged status | Not for loan | Collection code | Home library | Current library | Date acquired | Source of acquisition | Full call number | Barcode | Date last seen | Copy number | Koha item type |
|---|---|---|---|---|---|---|---|---|---|---|---|---|---|---|
| Dewey Decimal Classification | Non-fiction | Biblioteca Pública José María del Castillo y Rada | Biblioteca Pública José María del Castillo y Rada | 04/15/2018 | Donación | 339 / D713m | 430005840 | 05/16/2024 | Ej.1 | Books |